| 000 | 01203cam a22002054a 4500 | ||
|---|---|---|---|
| 005 | 20250605164036.0 | ||
| 008 | 250528s ||||||||||||||||||||||||d | ||
| 035 | _a16835 | ||
| 020 | _a826452191 | ||
| 040 |
_aGR-AtMCL _bgre _dGR-AtMCL _eAACR2 |
||
| 245 | 1 | _aSuccessful Event Management / A Practical Handbook | |
| 260 |
_bContinuum, _c2001 |
||
| 300 | _a290 | ||
| 520 | _aAn essential guide for anyone who needs to know how to organize a special event - a festival, a celebration party, a media launch or an annual fete. Preface, The Events Business - An Introduction to Events, The Market Demand for Events, The Event Business: Supply and Suppliers, Social and Economic and Political and Developmental Implications, Managing Events, Making a Start, Event Planning, Financial Management and the Budget, The Event: Preparation and Logistics and Support Services, Marketing and Public Relations for Events, Managing the Event as a Project, The Organization Manager and the Team During the Event, Closedown and Legacies, Glossary, Organizations in the Events Industry, Index. | ||
| 700 | 1 |
_aParry Bryn _92924 |
|
| 700 | 1 |
_aShone Anton _92925 |
|
| 942 | _cBK | ||
| 999 |
_c2289 _d2289 |
||